| 000 | 00368nam a2200145Ia 4500 | ||
|---|---|---|---|
| 008 | 210210b2002 xxu||||| |||| 00| 0 eng d | ||
| 020 | _a014302907 X | ||
| 082 | _a820.43 ROYA | ||
| 100 | _aROY (Arundhati). | ||
| 245 | _aAlgebra of infinite justice. | ||
| 260 |
_aND _bPenguin Books _c2002 |
||
| 300 | _axxiv,351 | ||
| 690 | _aIndian English Prose | ||
| 906 | _a059447 | ||
| 999 |
_c106292 _d106292 |
||